Сервис-ориентированная архитектура информационных систем на базе технологии Enterprise Java Beans; Современные техника и технологии; Т. 2

Библиографические подробности
Источник:Современные техника и технологии: сборник трудов XIX международной научно-практической конференции студентов, аспирантов и молодых ученых, Томск, 15-19 апреля 2013 г./ Национальный исследовательский Томский политехнический университет (ТПУ).— , 2013
Т. 2.— 2013.— [С. 200-201]
Главный автор: Аипова А. Ю.
Автор-организация: Национальный исследовательский Томский политехнический университет (ТПУ) Институт кибернетики (ИК) Кафедра оптимизации систем управления (ОСУ)
Другие авторы: Аксёнов С. В. Сергей Владимирович (научный руководитель)
Примечания:Заглавие с титульного экрана
Язык:русский
Опубликовано: 2013
Серии:Информатика и управление в технических системах
Предметы:
Online-ссылка:http://www.lib.tpu.ru/fulltext/c/2013/C01/V2/098.pdf
Формат: Электронный ресурс Статья
Запись в KOHA:https://koha.lib.tpu.ru/cgi-bin/koha/opac-detail.pl?biblionumber=243389

MARC

LEADER 00000naa2a2200000 4500
001 243389
005 20251218091204.0
035 |a (RuTPU)RU\TPU\book\264732 
035 |a RU\TPU\book\264679 
090 |a 243389 
100 |a 20130926d2013 k y0rusy50 ca 
101 0 |a rus 
102 |a RU 
135 |a drnn ---uucaa 
181 0 |a i  
182 0 |a b 
200 1 |a Сервис-ориентированная архитектура информационных систем на базе технологии Enterprise Java Beans  |f А. Ю. Аипова  |g науч. рук. С. В. Аксёнов 
203 |a Текст  |c электронный 
225 1 |a Информатика и управление в технических системах 
300 |a Заглавие с титульного экрана 
320 |a [Библиогр.: с. 201 (3 назв.)] 
337 |a Adobe Reader 
461 1 |0 (RuTPU)RU\TPU\book\263794  |t Современные техника и технологии  |o сборник трудов XIX международной научно-практической конференции студентов, аспирантов и молодых ученых, Томск, 15-19 апреля 2013 г.  |o в 3 т.  |f Национальный исследовательский Томский политехнический университет (ТПУ)   |d 2013 
463 1 |0 (RuTPU)RU\TPU\book\263797  |t Т. 2  |v [С. 200-201]  |d 2013 
610 1 |a труды учёных ТПУ 
610 1 |a электронный ресурс 
610 1 |a ориентированные процессы 
610 1 |a информационные системы 
610 1 |a enterprises 
610 1 |a JavaBeans 
700 1 |a Аипова  |b А. Ю. 
702 1 |a Аксёнов  |b С. В.  |c специалист в области информатики и вычислительной техники  |c доцент Томского политехнического университета, кандидат технических наук  |f 1983-  |g Сергей Владимирович  |3 (RuTPU)RU\TPU\pers\25383  |4 727 
712 0 2 |a Национальный исследовательский Томский политехнический университет (ТПУ)  |b Институт кибернетики (ИК)  |b Кафедра оптимизации систем управления (ОСУ)  |3 (RuTPU)RU\TPU\col\18702 
801 2 |a RU  |b 63413507  |c 20130926  |g RCR 
856 4 |u http://www.lib.tpu.ru/fulltext/c/2013/C01/V2/098.pdf 
942 |c CF